000 00609nam a2200229Ia 4500
003 OSt
005 20220928103856.0
006 a|||||r|||| 00| 0
007 ta
008 220927b |||||||| |||| 00| 0 eng d
024 _a47002
037 _cTextual
040 _aSDCL
_cSDCL
_beng
041 _2eng
_aeng
082 _aO152,1N314,6, M8
100 _aSharma Suresh Ed.
_9407378
245 0 _aIsh aakal vela mai.
260 _aNew Delhi
_bVanni Prakashan.
_c1988
300 _a246p.
_ccm.
942 _hO152,1N314,6, M8
_cTEXL
_2CC
999 _c722900
_d722900